| 000 | 01588nam a2200397Ia 4500 | ||
|---|---|---|---|
| 001 | z9alam b1934884 | ||
| 003 | OCoLC | ||
| 005 | 20250310081604.0 | ||
| 008 | 120119s2011 sp a j 000 f spa d | ||
| 020 | _a9788426381712 | ||
| 020 | _a8426381715 | ||
| 040 |
_aSAP _cSAP _dUtOrBLW |
||
| 041 | 1 |
_aspa _heng |
|
| 100 | 1 | _aJay, Alison. | |
| 240 | 1 | 0 |
_aRain and shine. _lSpanish. |
| 245 | 1 | 0 |
_aSol y lluvia / _c[ilustraciones], Alison Jay ; [traducido por Jorge Hern©Łn G©đmez] |
| 260 |
_a[Zaragoza, Spain] : _bEditorial Luis Vives, _cc2011. |
||
| 300 |
_a1 v. (unpaged) : _bcol., ill. ; _c20 cm. |
||
| 336 |
_atext _btxt _2rdacontent. |
||
| 337 |
_aunmediated _bn _2rdamedia. |
||
| 338 |
_avolume _bnc _2rdacarrier. |
||
| 490 | 1 |
_aToca y busca ; _v2. |
|
| 490 | 1 | _aColecci©đn Arco iris (Edelvives) | |
| 500 | _aCover title. | ||
| 500 | _aEn p©Łginas de cart©đn duro con texturas = On board pages with textures. | ||
| 500 | _aT©Ưtulo original: Rain and shine. | ||
| 520 | _a"Recorre en estas p©Łginas los diferentes estados de clima. En el paseo encontrar©Łs gotas, luz, brillo ℗Ły todos los colores de la naturaleza! Textos en rima, ilustraciones con texturas y sencillas adivinanzas para leer, pensar y tocar al mismo tiempo."-- Back cover. | ||
| 650 | 0 |
_aWeather _vJuvenile fiction. |
|
| 650 | 1 | _aStories in rhyme. | |
| 650 | 7 |
_aEstado atmosf©♭rico _vNovela juvenil. _2bidex. |
|
| 650 | 7 |
_aCuentos en rima. _2bidex. |
|
| 655 | 7 |
_aTextured books. _2lcgft. |
|
| 655 | 7 |
_aBoard books. _2lcgft. |
|
| 700 | 1 | _aG©đmez, Jorge Hern©Łn. | |
| 942 | _cBK | ||
| 999 |
_c30864 _d30862 |
||